Plan de Desarrollo Local Concertado de la Provincia de Chumbivilcas al 2032 / (Record no. 23194)

000 -CABECERA
fixed length control field 00927nam a22002297i 4500
003 - IDENTIFICADOR DEL NÚMERO DE CONTROL
control field AR-CdUCM
008 - DATOS DE LONGITUD FIJA--INFORMACIÓN GENERAL
fixed length control field 250124b20232023 pe||||| |||| 00| 0 spa d
040 ## - FUENTE DE LA CATALOGACIÓN
Agencia/entidad que catalogó originalmente la obra MUNICIPALIDAD PROVINCIAL DEL CUSCO
Entidad que transcribió la catalogación BIBLIOTECA MUNICIPAL DEL CUSCO
082 ## - NÚMERO DE LA CLASIFICACIÓN DECIMAL DEWEY
No. de Clasificación 352.16 / M95P
Notacion interna M95P
110 ## - ENTRADA PRINCIPAL--NOMBRE DE ENTIDAD CORPORATIVA
Nombre de la institución, jurisdicción como entrada principal Municipalidad Provincial de Chumbivilcas
9 (RLIN) 50851
245 ## - MENCIÓN DE TÍTULO
Título Plan de Desarrollo Local Concertado de la Provincia de Chumbivilcas al 2032 /
260 ## - PUBLICACIÓN, DISTRIBUCIÓN, ETC.
Lugar de publicación, distribución, etc. Chumbivilcas-Cusco :
Nombre de la editorial, distribuidor, etc. Grupo Editorial Acuarela SAC.
Fecha de publicación, distribución, etc. 2023
300 ## - DESCRIPCIÓN FÍSICA
Nº de Páginas Extensión 245 páginas. :
Dimensiones 29x21 cm.
505 ## - NOTA DE CONTENIDO CON FORMATO
Nota de contenido formateada Objetivos y acciones estratégicas provinciales -- Dimensiones sociodemográficas -- Dimensiones económicas, ambientales -- Matriz de articulación de planes
650 ## - PUNTO DE ACCESO ADICIONAL DE MATERIA--TÉRMINO DE MATERIA
Descriptor Planes
9 (RLIN) 40779
650 ## - PUNTO DE ACCESO ADICIONAL DE MATERIA--TÉRMINO DE MATERIA
Descriptor Gobernanza
9 (RLIN) 50957
650 ## - PUNTO DE ACCESO ADICIONAL DE MATERIA--TÉRMINO DE MATERIA
Descriptor Políticas y planes
9 (RLIN) 50958
650 ## - PUNTO DE ACCESO ADICIONAL DE MATERIA--TÉRMINO DE MATERIA
Descriptor Potencialidades
9 (RLIN) 50959
942 ## - ELEMENTOS DE PUNTO DE ACCESO ADICIONAL (KOHA)
Fuente de clasificación
Tipo de item Libros-BMC
945 ## - PROCESAMIENTO DE INFORMACIÓN LOCAL (OCLC)
Catalogador pbjr
AAAA-MM-DD - Fecha de ingreso o modificacion 24-01-2025
Holdings
Estado de retiro (separado) Fuente de clasificación o esquema de estanterías Estado dañado Ubicación Sala donde se ubica Nombre de la colección Fecha de adquisición o compra Fuente de adquisición Costo, precio normal en soles Signatura topográfica Código de Barras Última vez visto (Koha) Tipo de ítem (Koha)
No     Sala Humanidades Sala Humanidades Book Cart 2025-01-24 Donación 60.00 352.16 / M95P SH0000016904 2025-01-24 Libros-BMC

Powered by Koha